[Event "Wch Seniors 50 29th"]
[Site "Bucharest"]
[Date "2019.11.22"]
[Round "10"]
[White "Chan, Peng Kong"]
[Black "Cieza Vega, Arcadio"]
[Result "1-0"]
[WhiteElo "2123"]
[BlackElo "2170"]
[PlyCount "109"]
[EventDate "2019.11.12"]
[EventType "swiss"]
[EventRounds "11"]
[EventCountry "ROU"]
[SourceTitle "CBM 193 Extra"]
[Source "ChessBase"]
[SourceDate "2020.01.31"]
[SourceVersion "1"]
[SourceVersionDate "2020.01.31"]
[SourceQuality "1"]

1. d4 Nf6 2. c4 g6 3. Nc3 Bg7 4. e4 d6 5. h3 0-0 6. Be3 e5 7. d5 Nbd7 8. g4 Nc5 9. f3 a5 10. Nge2 Nfd7 11. h4 f6 12. Qd2 Rf7 13. Ng3 a4 14. Be2 Nb6 15. h5 Bd7 16. hxg6 hxg6 17. 0-0-0 Bf8 18. Rdg1 Rh7 19. Rxh7 Kxh7 20. g5 Bg7 21. gxf6 Qxf6 22. Bg5 Qf7 23. Rh1+ Kg8 24. Kc2 Rf8 25. Rh2 Qe8 26. Bh6 Qe7 27. Bg5 Bf6 28. Rh6 Be8 29. Bxf6 Rxf6 30. Qg5 Nc8 31. Qh4 Qg7 32. Nf5 gxf5 33. Qxf6 Qxf6 34. Rxf6 f4 35. Rh6 Ne7 36. Bf1 Kg7 37. Rh1 Ng8 38. Rg1+ Kf8 39. b4 axb3+ 40. axb3 Na6 41. Na2 Bh5 42. Be2 Nf6 43. Nc3 Nc5 44. b4 Ncd7 45. Ra1 c5 46. dxc6 bxc6 47. Ra6 d5 48. exd5 cxd5 49. c5 e4 50. c6 exf3 51. Bd3 Nb6 52. Rxb6 Ne8 53. Nxd5 f2 54. Nxf4 Bg4 55. Bf1 1-0

[Event "Wch Seniors 50 29th"]
[Site "Bucharest"]
[Date "2019.11.20"]
[Round "8"]
[White "Vareille, Francois"]
[Black "Cieza Vega, Arcadio"]
[Result "1-0"]
[WhiteElo "2417"]
[BlackElo "2170"]
[PlyCount "120"]
[EventDate "2019.11.12"]
[EventType "swiss"]
[EventRounds "11"]
[EventCountry "ROU"]
[SourceTitle "CBM 193 Extra"]
[Source "ChessBase"]
[SourceDate "2020.01.31"]
[SourceVersion "1"]
[SourceVersionDate "2020.01.31"]
[SourceQuality "1"]

1. d4 Nf6 2. c4 e5 3. dxe5 Ng4 4. e3 Bb4+ 5. Bd2 Bxd2+ 6. Qxd2 Nxe5 7. f4 Ng6 8. Nc3 0-0 9. g3 d6 10. Bg2 Nc6 11. Nge2 Re8 12. 0-0 f5 13. Rad1 Nge7 14. h3 Kh8 15. Rfe1 Ng8 16. Nd4 Bd7 17. c5 Nxd4 18. Qxd4 Bc6 19. Bxc6 bxc6 20. cxd6 cxd6 21. Qxd6 Qb6 22. Na4 Qa6 23. b3 Nf6 24. Qd3 Qa5 25. Qc3 Qb5 26. Nc5 h5 27. Rd6 Nd5 28. Qd4 Qb4 29. Rh6+ Kg8 30. Qxb4 Nxb4 31. Rxh5 Nc2 32. Re2 Nd4 33. Kf2 Nxe2 34. Kxe2 g6 35. Rg5 Kf7 36. h4 Rh8 37. Nd7 Rag8 38. Ne5+ Kf6 39. Nd7+ Ke6 40. Ne5 Rh6 41. e4 fxe4 42. Nxg6 Kd6 43. h5 c5 44. g4 a5 45. Nh4 Rhh8 46. Ke3 a4 47. Rxg8 Rxg8 48. h6 axb3 49. axb3 Rb8 50. Kxe4 Rb4+ 51. Kf5 Rxb3 52. h7 Rb8 53. g5 c4 54. Ke4 Kc5 55. g6 Re8+ 56. Kf3 c3 57. g7 c2 58. g8Q c1Q 59. Qxe8 Qd1+ 60. Qe2 Qd5+ 1-0

[Event "Wch Seniors 50 29th"]
[Site "Bucharest"]
[Date "2019.11.13"]
[Round "2"]
[White "Pavlovic, Milos"]
[Black "Cieza Vega, Arcadio"]
[Result "1-0"]
[WhiteElo "2482"]
[BlackElo "2170"]
[PlyCount "87"]
[EventDate "2019.11.12"]
[EventType "swiss"]
[EventRounds "11"]
[EventCountry "ROU"]
[SourceTitle "CBM 193 Extra"]
[Source "ChessBase"]
[SourceDate "2020.01.31"]
[SourceVersion "1"]
[SourceVersionDate "2020.01.31"]
[SourceQuality "1"]

1. e4 e5 2. Nf3 Nc6 3. Bb5 Nf6 4. d3 Bc5 5. Bxc6 dxc6 6. Nbd2 Qe7 7. Nc4 Bd6 8. 0-0 0-0 9. Bg5 h6 10. Bh4 Bg4 11. h3 Bh5 12. g4 Bg6 13. Bg3 Nd7 14. Nh4 Bh7 15. Nf5 Qe6 16. Qd2 Rfe8 17. f4 f6 18. a4 Bf8 19. fxe5 fxe5 20. Kg2 Rad8 21. Qa5 b6 22. Qc3 g6 23. Nh4 Bg7 24. b4 Kh8 25. Nf3 Bg8 26. Ne3 Kh7 27. b5 Nc5 28. bxc6 a5 29. h4 Rd4 30. h5 gxh5 31. Rh1 Bf7 32. Nf5 Bh8 33. g5 Rg8 34. Nxh6 Rf8 35. Nxf7 Qxf7 36. Raf1 Qg6 37. Nxd4 Rxf1 38. Rxf1 exd4 39. Qc4 Ne6 40. Qd5 Nxg5 41. Rf5 Bf6 42. Qd7+ Nf7 43. Qxc7 h4 44. Qf4 1-0

[Event "Cappelle op 30th"]
[Site "Cappelle la Grande"]
[Date "2014.03.01"]
[Round "1"]
[White "Velten, Paul"]
[Black "Cieza Vega, Arcadio"]
[Result "1-0"]
[WhiteElo "2429"]
[BlackElo "2185"]
[PlyCount "119"]
[EventDate "2014.03.01"]
[EventType "swiss"]
[EventRounds "9"]
[EventCountry "FRA"]
[SourceTitle "CBM 159 Extra"]
[Source "ChessBase"]
[SourceDate "2014.04.24"]
[SourceVersion "1"]
[SourceVersionDate "2014.04.24"]
[SourceQuality "1"]

1. d4 d5 2. Nf3 Nf6 3. g3 Bf5 4. Bg2 e6 5. 0-0 Be7 6. c4 c6 7. Nc3 0-0 8. cxd5 exd5 9. Nh4 Bg4 10. f3 Be6 11. Qd3 Qc8 12. Bd2 Ne8 13. e4 Bxh4 14. gxh4 Nc7 15. Ne2 Bh3 16. Rf2 Bxg2 17. Rxg2 Kh8 18. Kh1 Ne6 19. Rag1 Rg8 20. Ng3 Na6 21. e5 Qd7 22. b4 g6 23. a3 Nac7 24. h5 Qe7 25. h6 f5 26. Ne2 Rgf8 27. a4 Rf7 28. b5 c5 29. dxc5 Nxc5 30. Qa3 N7e6 31. Rd1 Qh4 32. Bb4 b6 33. Rxd5 Qxh6 34. a5 Rd7 35. Rxd7 Nxd7 36. axb6 Nxb6 37. Be7 Qd2 38. Ng3 Qe1+ 39. Rg1 Qxe5 40. Bb4 Nd5 41. Re1 Qd4 42. Bd6 Ng7 43. Be5 Qb4 44. Qa1 Qe7 45. Rc1 Re8 46. f4 Kg8 47. Qa2 Qf7 48. Rc6 Rd8 49. Bc7 Rd7 50. Bb8 Ne6 51. Rc8+ Kg7 52. Be5+ Kh6 53. Qf2 Ne7 54. Ne4 Rd1+ 55. Kg2 g5 56. Nxg5 Qh5 57. Rc3 Nxg5 58. fxg5+ Qxg5+ 59. Rg3 Rd2 60. Bg7+ 1-0

[Event "Cappelle op 29th"]
[Site "Cappelle la Grande"]
[Date "2013.02.24"]
[Round "2"]
[White "Cieza Vega, Arcadio"]
[Black "Svetushkin, Dmitry"]
[Result "0-1"]
[WhiteElo "2188"]
[BlackElo "2612"]
[PlyCount "70"]
[EventDate "2013.02.23"]
[EventType "swiss"]
[EventRounds "9"]
[EventCountry "FRA"]
[SourceTitle "CBM 153 Extra"]
[Source "ChessBase"]
[SourceDate "2013.04.22"]
[SourceVersion "1"]
[SourceVersionDate "2013.04.22"]
[SourceQuality "1"]

1. b3 e5 2. Bb2 d6 3. e3 f5 4. d4 e4 5. d5 Nf6 6. Nh3 Nbd7 7. Bb5 a6 8. Nf4 axb5 9. Ne6 Qe7 10. Nxc7+ Kf7 11. Nxa8 Qd8 12. a4 Qa5+ 13. b4 Qxa8 14. axb5 Qb8 15. c4 Ne5 16. Bxe5 dxe5 17. Qb3 b6 18. 0-0 f4 19. Nd2 f3 20. gxf3 exf3 21. e4 Bg4 22. Rfe1 Bh5 23. Kh1 Bd6 24. Ra6 Rd8 25. Rg1 Kg8 26. Qa3 Ng4 27. Rf1 Qc8 28. c5 Rf8 29. Nxf3 Ne3 30. fxe3 Qh3 31. Qd3 Bxf3+ 32. Rxf3 Qxf3+ 33. Kg1 Qf2+ 34. Kh1 Qe1+ 35. Kg2 Rf2+ 0-1

[Event "Cappelle op 24th"]
[Site "Cappelle la Grande"]
[Date "2008.02.18"]
[Round "4"]
[White "Przymusinski, Nicolas"]
[Black "Cieza Vega, Arcadio"]
[Result "0-1"]
[WhiteElo "2088"]
[BlackElo "2294"]
[PlyCount "104"]
[EventDate "2008.02.16"]
[EventType "swiss"]
[EventRounds "9"]
[EventCountry "FRA"]
[SourceTitle "CBM 122 Extra"]
[Source "ChessBase"]
[SourceDate "2008.03.04"]
[SourceVersion "1"]
[SourceVersionDate "2008.03.04"]
[SourceQuality "1"]

1. e4 b6 2. d4 Bb7 3. Bd3 Nf6 4. Qe2 Nc6 5. c3 e5 6. Nf3 Bd6 7. 0-0 Qe7 8. Nbd2 h6 9. Nc4 0-0-0 10. d5 Nb8 11. a4 c6 12. Nxd6+ Qxd6 13. c4 a5 14. c5 bxc5 15. Be3 cxd5 16. Bxc5 Qe6 17. Nd2 dxe4 18. Bb5 Ba6 19. Rfc1 Kb7 20. Nc4 d5 21. Nxa5+ Ka8 22. Nc6 Nxc6 23. Bxa6 Nb8 24. Bb5 Rc8 25. Qd2 Na6 26. Qa5 Kb7 27. Qxa6+ Qxa6 28. Bxa6+ Kxa6 29. b4 Nd7 30. Be3 d4 31. b5+ Kb7 32. Bd2 Nc5 33. Rcb1 Nd3 34. a5 Rc2 35. a6+ Kb8 36. Ba5 Nb2 37. Ra2 Rhc8 38. h4 Rc1+ 39. Rxc1 Rxc1+ 40. Kh2 Nc4 41. b6 Nxa5 42. Rxa5 Rb1 43. Rxe5 Rxb6 44. Rxe4 Rd6 45. Re8+ Ka7 46. Re2 Kxa6 47. Kg1 Kb5 48. Kf1 d3 49. Rd2 Kc4 50. Ke1 Ra6 51. Rd1 Re6+ 52. Kf1 Kc3 0-1

[Event "Boeblingen op 24th"]
[Site "Boeblingen"]
[Date "2007.12.30"]
[Round "9"]
[White "Cieza Vega, Arcadio"]
[Black "Rojas Keim, Luis Alberto"]
[Result "0-1"]
[WhiteElo "2294"]
[BlackElo "2414"]
[PlyCount "58"]
[EventDate "2007.12.26"]
[EventType "swiss"]
[EventRounds "9"]
[EventCountry "GER"]
[SourceTitle "CBM 122 Extra"]
[Source "ChessBase"]
[SourceDate "2008.03.04"]
[SourceVersion "1"]
[SourceVersionDate "2008.03.04"]
[SourceQuality "1"]

1. g3 d5 2. Nh3 Nf6 3. f4 g6 4. d4 Bg7 5. Nf2 0-0 6. e3 c5 7. c3 b6 8. g4 cxd4 9. cxd4 Ba6 10. Nc3 Bxf1 11. Kxf1 Nc6 12. Bd2 Rc8 13. Ne2 Ne8 14. h4 Nd6 15. b3 f6 16. g5 e5 17. dxe5 fxe5 18. Bc3 Nf5 19. Rh3 d4 20. exd4 exd4 21. Bd2 Nce7 22. Rc1 Nd5 23. Rxc8 Qxc8 24. Kg1 Re8 25. Nc1 Nde3 26. Bxe3 dxe3 27. Ng4 Nd4 28. Rxe3 Rxe3 29. Nxe3 Qxc1 0-1

[Event "Boeblingen op 24th"]
[Site "Boeblingen"]
[Date "2007.12.26"]
[Round "1"]
[White "Cieza Vega, Arcadio"]
[Black "Geringer, Waldemar"]
[Result "1-0"]
[WhiteElo "2294"]
[BlackElo "1890"]
[PlyCount "55"]
[EventDate "2007.12.26"]
[EventType "swiss"]
[EventRounds "9"]
[EventCountry "GER"]
[SourceTitle "CBM 122 Extra"]
[Source "ChessBase"]
[SourceDate "2008.03.04"]
[SourceVersion "1"]
[SourceVersionDate "2008.03.04"]
[SourceQuality "1"]

1. e4 c5 2. Nf3 d6 3. Bb5+ Bd7 4. a4 a6 5. Bc4 e6 6. 0-0 Nc6 7. Re1 Nf6 8. d4 cxd4 9. Nxd4 Qc7 10. Nxc6 Bxc6 11. Bd3 Be7 12. Bf4 Nd7 13. c3 g5 14. Be3 d5 15. Bd4 e5 16. exd5 Bxd5 17. Bf5 Be6 18. Bxe6 fxe6 19. Qh5+ Kd8 20. Be3 Nf6 21. Qe2 Nd5 22. Nd2 Qc6 23. c4 Nf4 24. Bxf4 exf4 25. Nf3 Bf6 26. Ne5 Qc7 27. Rad1+ Kc8 28. Nd7 1-0

[Event "Cappelle op 20th"]
[Site "Cappelle la Grande"]
[Date "2004.03.04"]
[Round "7"]
[White "Guliyev, Namig"]
[Black "Cieza Vega, Arcadio"]
[Result "1-0"]
[WhiteElo "2453"]
[BlackElo "2241"]
[PlyCount "111"]
[EventDate "2004.02.28"]
[EventType "swiss"]
[EventRounds "9"]
[EventCountry "FRA"]
[SourceTitle "CBM 099 Extra"]
[Source "ChessBase"]
[SourceDate "2004.05.04"]
[SourceVersion "1"]
[SourceVersionDate "2004.05.04"]
[SourceQuality "1"]

1. e4 d6 2. d4 Nf6 3. Nc3 c6 4. Nf3 Bg4 5. h3 Bh5 6. Be2 Bxf3 7. Bxf3 e5 8. 0-0 Be7 9. b3 Nbd7 10. Bb2 0-0 11. g3 g6 12. Bg2 Nh5 13. Qd2 Qc7 14. Rad1 Rad8 15. Ne2 c5 16. dxe5 dxe5 17. f4 c4 18. Kh1 Nb6 19. Qc3 Bf6 20. fxe5 Bh8 21. g4 Rde8 22. gxh5 Bxe5 23. Nd4 Qe7 24. Qf3 Rc8 25. Qg4 Kh8 26. hxg6 fxg6 27. Rxf8+ Rxf8 28. Bc1 Rd8 29. Bg5 Bf6 30. Bxf6+ Qxf6 31. c3 cxb3 32. axb3 Re8 33. Rf1 Qe7 34. Qf4 Nd7 35. Qf7 Ne5 36. Qxe7 Rxe7 37. Rf6 Nd3 38. Ne6 Re8 39. Nc7 Rc8 40. Nd5 Kg7 41. Re6 Rf8 42. e5 Rf7 43. Re8 Rf8 44. Rxf8 Kxf8 45. e6 Nc5 46. e7+ Kf7 47. b4 Na4 48. Kh2 a5 49. bxa5 Nc5 50. Kg3 Nb3 51. a6 bxa6 52. Bf1 Nc5 53. Kf4 a5 54. Bb5 Ne6+ 55. Ke5 Ng7 56. c4 1-0

[Event "Oberliga Wuerttemberg 0203"]
[Site "Wuerttemberg"]
[Date "2002.11.10"]
[Round "2"]
[White "Cieza Vega, Arcadio"]
[Black "Rapp, Uwe"]
[Result "1-0"]
[WhiteElo "2206"]
[BlackElo "2066"]
[PlyCount "101"]
[EventDate "2002.10.13"]
[EventType "team-tourn"]
[EventRounds "9"]
[EventCountry "GER"]
[SourceTitle "EXT 2019"]
[Source "ChessBase"]
[SourceDate "2018.10.10"]
[SourceVersion "1"]
[SourceVersionDate "2018.10.10"]
[SourceQuality "1"]
[WhiteTeam "Sindelfingen"]
[BlackTeam "Marbach"]
[WhiteTeamCountry "GER"]
[BlackTeamCountry "GER"]

1. e4 d5 2. e5 c5 3. Bb5+ Bd7 4. a4 e6 5. Nf3 Ne7 6. 0-0 Ng6 7. d3 Be7 8. Re1 0-0 9. Nc3 Nc6 10. Bxc6 Bxc6 11. Ne2 d4 12. Nf4 Nxf4 13. Bxf4 Qd5 14. Re2 b6 15. Qf1 a6 16. Nd2 Qd8 17. Bg3 b5 18. a5 Rc8 19. b3 Bd5 20. f4 c4 21. bxc4 bxc4 22. f5 cxd3 23. cxd3 exf5 24. Qxf5 Rc2 25. Rf2 Qc8 26. Qxc8 Rfxc8 27. Nf3 R2c3 28. Rd2 Bxf3 29. gxf3 Bc5 30. Bf2 Rb8 31. Ra4 Rd8 32. f4 Kf8 33. Kg2 Rb3 34. Kf3 Rb4 35. Rda2 Rdb8 36. Ke4 Ke7 37. Rxb4 Rxb4 38. Rc2 Rb5 39. Bxd4 Bxd4 40. Kxd4 Rxa5 41. Rc7+ Ke8 42. f5 g6 43. f6 h5 44. Re7+ Kf8 45. Ra7 Ke8 46. Ke4 Ra2 47. Kd5 Kd8 48. Rxf7 Rxh2 49. e6 Re2 50. Kd6 Kc8 51. e7 1-0

[Event "Oberliga Wuerttemberg 0102"]
[Site "Wuerttemberg"]
[Date "2002.??.??"]
[Round "8"]
[White "Roth, Juergen Eugen"]
[Black "Cieza Vega, Arcadio"]
[Result "1-0"]
[WhiteElo "2178"]
[BlackElo "2271"]
[PlyCount "77"]
[EventDate "2001.10.01"]
[EventType "team-tourn"]
[EventRounds "9"]
[EventCountry "GER"]
[SourceTitle "EXT 2019"]
[Source "ChessBase"]
[SourceDate "2018.10.10"]
[SourceVersion "1"]
[SourceVersionDate "2018.10.10"]
[SourceQuality "1"]
[WhiteTeam "Tuebingen"]
[BlackTeam "Sindelfingen"]
[WhiteTeamCountry "GER"]
[BlackTeamCountry "GER"]

1. d4 d6 2. Nf3 Nf6 3. b3 c5 4. Bb2 cxd4 5. Nxd4 e5 6. Nf3 Nc6 7. g3 Bf5 8. Bg2 Nb4 9. Na3 Be7 10. 0-0 0-0 11. Nh4 Be4 12. Bxe4 Nxe4 13. Nf5 Re8 14. Nc4 Bf8 15. a3 d5 16. Nxe5 Qc8 17. Ne3 Nc6 18. Qxd5 Ng5 19. Nxc6 Nh3+ 20. Kg2 bxc6 21. Qh5 Nxf2 22. Kxf2 Qe6 23. Nc4 Rad8 24. Kg1 Rd5 25. Qf3 Red8 26. e4 Rg5 27. Rad1 Bc5+ 28. Kh1 Re8 29. Bc1 Rg6 30. Qf5 Bb6 31. Qxe6 Rgxe6 32. e5 f6 33. exf6 gxf6 34. Nxb6 axb6 35. Bd2 Kf7 36. Rde1 Re2 37. Rxe2 Rxe2 38. Bg5 Ke6 39. Rxf6+ 1-0

[Event "Staufer op 12th"]
[Site "Schwaebisch Gmuend"]
[Date "2000.??.??"]
[Round "4"]
[White "Cieza Vega, Arcadio"]
[Black "Doettling, Fabian"]
[Result "1/2-1/2"]
[WhiteElo "2320"]
[BlackElo "2475"]
[PlyCount "116"]
[EventDate "2000.01.02"]
[EventType "swiss"]
[EventRounds "9"]
[EventCountry "GER"]
[SourceTitle "CBM 074 Extra"]
[Source "ChessBase"]
[SourceDate "2000.03.10"]
[SourceVersion "2"]
[SourceVersionDate "2000.03.10"]
[SourceQuality "1"]

1. e4 c6 2. d4 d5 3. exd5 cxd5 4. Bd3 Nc6 5. c3 Nf6 6. Ne2 Bg4 7. h3 Bh5 8. Qb3 Bxe2 9. Bxe2 Qd7 10. Bf4 e6 11. Nd2 Be7 12. Nf3 0-0 13. 0-0 Bd6 14. Bxd6 Qxd6 15. Bd3 Rab8 16. Rae1 Qc7 17. Qd1 b5 18. Qe2 b4 19. Rc1 Qb6 20. g4 bxc3 21. bxc3 Rfe8 22. Rfe1 Qc7 23. Kg2 Rb6 24. Rc2 Rc8 25. Nd2 Na5 26. Qf3 Rcb8 27. g5 Nd7 28. h4 Nf8 29. h5 Qd8 30. Qg3 Qd6 31. f4 Rb2 32. Rec1 Rxc2 33. Rxc2 Nc6 34. Nf3 Qa3 35. Qf2 Rb1 36. f5 exf5 37. Bxf5 Rc1 38. Qd2 Rxc2 39. Bxc2 Qd6 40. Qe3 g6 41. Qe8 gxh5 42. Ba4 h4 43. Nxh4 Ne7 44. Bc2 Qe6 45. Kf2 Neg6 46. Qxe6 Nxe6 47. Nf3 Kg7 48. Bb3 Nc7 49. Kg3 f6 50. Kg4 Ne7 51. a4 fxg5 52. Kxg5 Ne6+ 53. Kg4 Kf6 54. Ne5 h5+ 55. Kxh5 Nf4+ 56. Kg4 Ne2 57. Kf3 Nxc3 58. Ke3 Ne4 1/2-1/2

[Event "BL2-Sued 9900"]
[Site "Germany"]
[Date "1999.10.10"]
[Round "1.8"]
[White "Cieza Vega, Arcadio"]
[Black "Kargoll, Boris"]
[Result "0-1"]
[WhiteElo "2324"]
[BlackElo "2264"]
[PlyCount "94"]
[EventDate "1999.10.10"]
[EventType "team-tourn"]
[EventRounds "9"]
[EventCountry "GER"]
[SourceTitle "CBM 074 Extra"]
[Source "ChessBase"]
[SourceDate "2000.03.10"]
[SourceVersion "2"]
[SourceVersionDate "2000.03.10"]
[SourceQuality "1"]
[WhiteTeam "Sindelfingen"]
[BlackTeam "Karlsruhe"]
[WhiteTeamCountry "GER"]
[BlackTeamCountry "GER"]

1. e4 c5 2. Nf3 d6 3. Nc3 Nf6 4. Bb5+ Bd7 5. a4 a6 6. Bxd7+ Nbxd7 7. d4 cxd4 8. Nxd4 g6 9. 0-0 Bg7 10. Kh1 0-0 11. Be3 Ne5 12. f4 Nc4 13. Bc1 Qb6 14. Qd3 Rac8 15. Nce2 e5 16. a5 Nxa5 17. Nf3 d5 18. Nc3 dxe4 19. Nxe4 Nxe4 20. Qxe4 exf4 21. Bxf4 Rc4 22. Qe3 Qxe3 23. Bxe3 Nc6 24. c3 Re4 25. Bc5 Rfe8 26. Rfe1 Rxe1+ 27. Rxe1 Rxe1+ 28. Nxe1 Ne5 29. Kg1 f5 30. Kf1 Kf7 31. Ke2 Ke6 32. Bd4 Bf6 33. h3 Kd5 34. Nf3 Nd7 35. Be3 Ne5 36. Bd4 Nxf3 37. Bxf6 Ne5 38. b3 Ke4 39. Bd8 Nd3 40. Bg5 Nc5 41. b4 Ne6 42. Bd2 Nf4+ 43. Kf1 g5 44. Be1 Kd3 45. h4 gxh4 46. Bxh4 Kxc3 47. Be1+ Kc4 0-1

[Event "Hotel Irottko IM"]
[Site "Koszeg"]
[Date "1999.06.27"]
[Round "5"]
[White "Wolter, Kai"]
[Black "Cieza Vega, Arcadio"]
[Result "1-0"]
[WhiteElo "2320"]
[BlackElo "2335"]
[PlyCount "121"]
[EventDate "1999.06.23"]
[EventType "tourn"]
[EventRounds "11"]
[EventCountry "HUN"]
[EventCategory "3"]
[SourceTitle "CBM 071 Extra"]
[Source "ChessBase"]
[SourceDate "1999.09.14"]
[SourceVersion "1"]
[SourceVersionDate "1999.09.14"]
[SourceQuality "1"]

1. e4 d6 2. d4 Nf6 3. Bd3 e5 4. c3 Be7 5. Nf3 Nbd7 6. 0-0 c6 7. Re1 0-0 8. Nbd2 Re8 9. Nf1 Nh5 10. Nxe5 dxe5 11. Qxh5 exd4 12. Bc4 g6 13. Bxf7+ Kh8 14. Qd1 Rf8 15. Qxd4+ Bf6 16. e5 c5 17. Qd5 Nxe5 18. Rxe5 Qxd5 19. Rxd5 b6 20. Bxg6 hxg6 21. Bh6 Re8 22. Ne3 Be6 23. Bg5 Bg7 24. Rd2 b5 25. a3 Rac8 26. Re1 Bc4 27. Rc1 Be6 28. h4 a5 29. Rd6 Be5 30. Rb6 Rb8 31. Rxb8 Rxb8 32. f4 Bg7 33. Be7 Rc8 34. Rd1 Bb3 35. Rd8+ Rxd8 36. Bxd8 a4 37. Be7 c4 38. Nd5 Kg8 39. Nc7 Kf7 40. Bc5 Bf6 41. g3 Bd8 42. Nxb5 Ba2 43. Kf2 Ke6 44. Be3 Kd5 45. Nd4 Bb1 46. Kf3 Bf6 47. Bf2 Be4+ 48. Kg4 Bd3 49. h5 gxh5+ 50. Kxh5 Ke4 51. Kg6 Bxd4 52. Bxd4 Kf3+ 53. Kg5 Kxg3 54. f5 Be4 55. f6 Bd5 56. Kf5 Bf7 57. Ke5 Kg4 58. Kd6 Kf5 59. Kc5 Ke4 60. Kb5 Kd5 61. Kxa4 1-0

[Event "Hotel Irottko IM"]
[Site "Koszeg"]
[Date "1999.06.26"]
[Round "4"]
[White "Cieza Vega, Arcadio"]
[Black "Ruck, Tamas"]
[Result "1/2-1/2"]
[WhiteElo "2335"]
[BlackElo "2321"]
[PlyCount "148"]
[EventDate "1999.06.23"]
[EventType "tourn"]
[EventRounds "11"]
[EventCountry "HUN"]
[EventCategory "3"]
[SourceTitle "CBM 071 Extra"]
[Source "ChessBase"]
[SourceDate "1999.09.14"]
[SourceVersion "1"]
[SourceVersionDate "1999.09.14"]
[SourceQuality "1"]

1. e4 e5 2. Nf3 Nc6 3. Bb5 a6 4. Ba4 Nf6 5. 0-0 Be7 6. Qe2 b5 7. Bb3 d6 8. c3 Na5 9. Bc2 c5 10. h3 0-0 11. d3 h6 12. Rd1 Re8 13. Nbd2 Bf8 14. Nf1 Qc7 15. Ne3 Be6 16. Nh4 d5 17. Qf3 d4 18. Nef5 Nh7 19. Qg3 Kh8 20. Bd2 Nc6 21. cxd4 Nxd4 22. Nxd4 cxd4 23. Rdc1 Qd8 24. f4 exf4 25. Bxf4 Rc8 26. Nf3 Bc5 27. Bb3 Nf8 28. Qf2 Ng6 29. Bg3 Qd7 30. Rc2 Bb6 31. Rac1 Bxb3 32. axb3 f5 33. Rxc8 Rxc8 34. Rxc8+ Qxc8 35. exf5 Qxf5 36. Ne5 Qe6 37. Nxg6+ Qxg6 38. Qf8+ Kh7 39. Be5 h5 40. Qf3 Qg5 41. Qe4+ Kg8 42. Bf4 Qd8 43. Qe6+ Kh8 44. Be5 Qg5 45. h4 Qe3+ 46. Kh2 Bd8 47. Qe8+ Kh7 48. Qxh5+ Kg8 49. Qe8+ Kh7 50. h5 Qg5 51. Qg6+ Qxg6 52. hxg6+ Kxg6 53. Kg3 Kf7 54. Kf4 g6 55. Ke4 Ke6 56. Bxd4 Be7 57. Bc3 Bd6 58. d4 Bg3 59. d5+ Kd6 60. Bb4+ Kd7 61. Bc5 Bh2 62. g4 Bg3 63. Be3 Bd6 64. Bf4 Bf8 65. Be5 Bc5 66. Kf4 Be7 67. d6 Bd8 68. Ke4 Ke6 69. b4 Bb6 70. g5 Bf2 71. d7 Kxd7 72. Kd5 Be3 73. Bf6 Bd2 74. Kc5 Be3+ 1/2-1/2

[Event "Hotel Irottko IM"]
[Site "Koszeg"]
[Date "1999.06.25"]
[Round "3"]
[White "Wigger, Jochen"]
[Black "Cieza Vega, Arcadio"]
[Result "1-0"]
[WhiteElo "2202"]
[BlackElo "2335"]
[PlyCount "55"]
[EventDate "1999.06.23"]
[EventType "tourn"]
[EventRounds "11"]
[EventCountry "HUN"]
[EventCategory "3"]
[SourceTitle "CBM 071 Extra"]
[Source "ChessBase"]
[SourceDate "1999.09.14"]
[SourceVersion "1"]
[SourceVersionDate "1999.09.14"]
[SourceQuality "1"]

1. Nf3 c6 2. g3 d5 3. Bg2 Bg4 4. d4 Qc8 5. h3 Bf5 6. Nbd2 Nf6 7. b3 h6 8. Ba3 Na6 9. c4 e6 10. Bxf8 Kxf8 11. 0-0 Qd8 12. a3 Nc7 13. b4 Nd7 14. Rc1 Qe7 15. Re1 Nf6 16. Ne5 Ne4 17. Nf1 f6 18. Nd3 dxc4 19. Rxc4 Nb5 20. a4 Ned6 21. Rc1 Nxd4 22. e3 Nf3+ 23. Bxf3 Bxh3 24. Nf4 Bf5 25. e4 Bh7 26. e5 Ne8 27. exf6 Qxb4 28. Qd7 1-0

[Event "Hotel Irottko IM"]
[Site "Koszeg"]
[Date "1999.06.23"]
[Round "1"]
[White "Stolte, Alexander"]
[Black "Cieza Vega, Arcadio"]
[Result "0-1"]
[WhiteElo "2237"]
[BlackElo "2335"]
[PlyCount "52"]
[EventDate "1999.06.23"]
[EventType "tourn"]
[EventRounds "11"]
[EventCountry "HUN"]
[EventCategory "3"]
[SourceTitle "CBM 071 Extra"]
[Source "ChessBase"]
[SourceDate "1999.09.14"]
[SourceVersion "1"]
[SourceVersionDate "1999.09.14"]
[SourceQuality "1"]

1. d4 c6 2. Nf3 Nf6 3. c3 d5 4. Bg5 Ne4 5. Bf4 Qb6 6. Qc1 f6 7. e3 g5 8. Bxb8 Rxb8 9. Nbd2 g4 10. Nxe4 gxf3 11. Ng3 fxg2 12. Bxg2 h5 13. Qc2 h4 14. Qg6+ Kd8 15. Nh5 Be6 16. Nf4 Bd7 17. 0-0-0 Qa5 18. Kb1 b5 19. Nd3 Rh6 20. Qf7 Kc7 21. Nc5 Bf5+ 22. e4 dxe4 23. d5 Rh7 24. Qg8 Bh6 25. d6+ exd6 26. Ne6+ Kb7 0-1

[Event "BL2-Sued 9899"]
[Site "Germany"]
[Date "1999.01.31"]
[Round "5.7"]
[White "Cieza Vega, Arcadio"]
[Black "Bach, Edwin"]
[Result "0-1"]
[WhiteElo "2335"]
[BlackElo "2242"]
[PlyCount "84"]
[EventDate "1998.10.18"]
[EventType "team-tourn"]
[EventRounds "9"]
[EventCountry "GER"]
[SourceTitle "GER-chT2"]
[Source "ChessBase"]
[SourceDate "1999.07.01"]
[SourceVersion "1"]
[SourceVersionDate "1999.07.01"]
[SourceQuality "1"]
[WhiteTeam "Sindelfingen"]
[BlackTeam "Karlsruhe"]
[WhiteTeamCountry "GER"]
[BlackTeamCountry "GER"]

1. e4 c5 2. Nf3 d6 3. Bb5+ Nd7 4. 0-0 Ngf6 5. Re1 a6 6. Bf1 b6 7. d4 cxd4 8. Nxd4 Bb7 9. f3 e6 10. c4 Be7 11. Nc3 0-0 12. Be3 Qc7 13. Qd2 Rac8 14. Rac1 Qb8 15. Bf4 Rfe8 16. Bg3 Bd8 17. Red1 Bc7 18. Nc2 Ne5 19. Ne3 Kh8 20. Ne2 g5 21. Bxe5 dxe5 22. Ng4 Nxg4 23. fxg4 Bxe4 24. Ng3 Bg6 25. Qxg5 e4 26. Rc3 Be5 27. Rb3 Red8 28. Re1 f6 29. Qh4 Bd4+ 30. Kh1 Qe5 31. Nh5 Bxh5 32. gxh5 f5 33. Ra3 Bc5 34. Rxa6 Rd2 35. b4 Bxb4 36. Rxb6 Bc5 37. Rb7 Qd4 38. Bd3 Rxd3 39. h6 Rd1 40. Rb1 Rxb1 41. Rxb1 Rd8 42. g4 e3 0-1

[Event "Cappelle op 15th"]
[Site "Cappelle la Grande"]
[Date "1999.??.??"]
[Round "9"]
[White "Cieza Vega, Arcadio"]
[Black "Ginsburg, Gennadij"]
[Result "0-1"]
[WhiteElo "2335"]
[BlackElo "2495"]
[PlyCount "82"]
[EventDate "1999.02.13"]
[EventType "swiss"]
[EventRounds "9"]
[EventCountry "FRA"]
[SourceTitle "EXT 2000"]
[Source "ChessBase"]
[SourceDate "1999.11.16"]
[SourceVersion "1"]
[SourceVersionDate "1999.11.16"]
[SourceQuality "1"]

1. e4 e5 2. Nf3 Nc6 3. Bb5 a6 4. Ba4 Nf6 5. 0-0 Be7 6. Qe2 b5 7. Bb3 Bb7 8. c3 d5 9. d3 0-0 10. Rd1 Re8 11. Nbd2 Bf8 12. Nf1 Na5 13. Bc2 c5 14. Ng3 Nc6 15. Bg5 d4 16. cxd4 cxd4 17. Rac1 h6 18. Bd2 a5 19. a3 a4 20. Qe1 Qb6 21. Ra1 Nd7 22. Nf5 Nc5 23. Qe2 b4 24. Rdc1 Ba6 25. Ne1 Re6 26. Qg4 Rg6 27. Qf3 Qb5 28. axb4 Nxb4 29. Bxb4 Qxb4 30. Qd1 Bb5 31. Ra2 Rc6 32. Nf3 Nxd3 33. Bxd3 Rxc1 34. Qxc1 Bxd3 35. Qc6 Ra6 36. Qc8 Qc4 37. Ne7+ Kh7 38. Nxe5 Qxc8 39. Nxc8 Bxe4 40. b3 Ra8 41. Nb6 axb3 0-1